Statistics for Analogies #6

Click here to take the quiz!

General Stats

  • This quiz has been taken 54,351 times
    (48,594 since last reset)
  • The average score is 12 of 20

Answer Stats

This is to this ...As ...% Correct
Fe is to IronH is to {Hydrogen}
95%
Moo is to Cow{Quack} is to Duck
94%
Closet is to ClothesVase is to {Flowers}
94%
Danke is to German{Gracias} is to Spanish
80%
Warsaw is to Poland{Baghdad} is to Iraq
75%
Franklin is to EleanorBill is to {Hillary}
75%
Puck is to Ice HockeyShuttlecock is to {Badminton}
75%
Tanner is to LeatherCobbler is to {Shoes}
68%
Astronaut is to USA{Cosmonaut} is to USSR
65%
Duke is to DuchessFraternity is to {Sorority}
64%
Mexico is to the United States{Sudan} is to Egypt
62%
AC is to AlternatingDC is to {Direct}
58%
Batman is to Gotham CitySuperman is to {Metropolis}
45%
Brunei is to BorneoHaiti is to {Hispaniola}
44%
100 is to Celsius{212} is to Fahrenheit
41%
Aubergine is to EggplantCourgette is to {Zucchini}
41%
Sherlock Holmes is to ViolinRavi Shankar is to {Sitar}
41%
Catcher in the Rye
is to Salinger
Grapes of Wrath
is to {Steinbeck}
39%
Clavicle is to PatellaCollar Bone is to {Kneecap}
36%
Romaine is to LettuceHass is to {Avocado}
29%

Score Distribution

Percentile by Number Answered

Percent of People with Each Score

Your Score History

You have not taken this quiz since the last reset